| 000 | 00410nam a22001577a 4500 | ||
|---|---|---|---|
| 003 | BD-DhUL | ||
| 005 | 20170418165719.0 | ||
| 008 | 170418s1965 nyu||||| |||| 00| 0 eng | ||
| 040 |
_aBD-DhUL _cBD-DhUL |
||
| 082 |
_a354.68 _bUNA |
||
| 110 | 2 | _aUnited Nations | |
| 245 | 2 | 0 |
_aApartheid in South Africa II / _cUnited Nations |
| 260 |
_aNew York : _bUnited Nations, _c1965 |
||
| 300 | _a52p. | ||
| 942 |
_2ddc _cREF |
||
| 999 |
_c185439 _d185439 |
||